Membres de la cour suprême - Statistiques

Statistiques générales
  • Ce quiz a été pris 13 fois
  • Le résultat moyen est 6 sur 9
Statistiques - réponses
Membre Nom % Correct
Juge assesseur Clarence Thomas
100%
Juge assesseur Amy Coney Barrett
67%
Juge assesseur Brett Kavanaugh
67%
Juge assesseur Elena Kagan
67%
Juge assesseur Ketanji Brown Jackson
67%
Juge assesseur Neil Gorsuch
67%
Juge assesseur Samuel Alito
67%
Juge assesseur Sonia Sotomayor
67%
Juge en chef John G Roberts Jr.
33%
Aucun quiz correspondant
Distribution des résultats
% des personnes avec chaque résultat
Percentile par nombre de réponses
Votre historique - résultats
Vous n’avez pas pris ce quiz